00416 2200157 4500245006100000020002200061250001000083100001700093005001900110260001800129041001400147084000800161500003900169490004100208336000900249 aWORLD HERITAGE NATURE&CULTURE VOL.04cAGUS SANTOSOhText a978-979-15107-3-8 aCet.1 aAGUS SANTOSO a20240828085355 aJakartac2009 aIndonesia a959 aDaftar Isi : China, Jepang & korea aWORLD HERITAGE NATURE&CULTURE VOL.04 atext